Are You a Geek or a Nerd? Quiz Stats

 Plays Quiz not verified by Sporcle

Support Sporcle.
Go Orange.
Score 0/42 Timer 05:00
0 Plays Today
Word (G)eek or (N)erd % Correct
Exams???
76%
Calculus???
74.8%
Genius???
74.6%
Physics???
73.8%
Biology???
73.8%
Professor???
73.8%
Neuroscience???
72.9%
Harvard???
72.6%
Oxford???
72.2%
Analytics???
71.7%
Spider Man???
70.7%
Vocabulary???
70.2%
Bookworm???
70%
Tshirt???
69.7%
Chess???
69.5%
Trendy???
69.2%
Webcomic???
69%
Cosplay???
68.3%
Avengers???
67.3%
Starwars???
65.9%
Loneliness???
65.4%
Word (G)eek or (N)erd % Correct
Glasses???
64.9%
Cellist???
64.6%
Salary???
62.5%
Collections???
60.3%
Sneaker???
60%
Culture???
58.6%
Apple???
57.4%
Shiny???
56.9%
Ironic???
56.4%
iBooks???
54.7%
Jeopardy???
54.7%
Hackers???
50.8%
Old School???
48.2%
Infographic???
46.5%
Entrepreneur???
45.8%
Technology???
42.9%
Documentary???
36.8%
Atari???
36.8%
Singularity???
33.2%
Zelda???
32.9%
The Hobbit???
32.9%

You're not logged in!

Compare scores with friends on all Sporcle quizzes.
OR
Log In

From the Vault

NBA Finals MVPs for Multiple Franchises

by aw15

It's important to recognize the most valuable members of the team.
Remove Ads.
Support Sporcle.
Get the best of Sporcle when you Go Orange. This ad-free experience offers more features, more stats, and more fun while also helping to support Sporcle. Thank you for becoming a member.

Show Comments

Extras

Top Quizzes Today


Score Distribution

Your Account Isn't Verified!

In order to create a playlist on Sporcle, you need to verify the email address you used during registration. Go to your Sporcle Settings to finish the process.

Report this User

Report this user for behavior that violates our Community Guidelines.

Details: